The biology of Sea Turtles

Uloženo v:
Podrobná bibliografie
Hlavní autoři: Wyneken, Jeanette (Autor), Lohmann, Kenneth J (Autor), Musick, John A (Autor)
Médium: Kniha
Jazyk:angličtina
Vydáno: Boca Ratón CRC Press 2013
Vydání:1a. ed
Edice:Marine Biology
Témata:
Tagy: Přidat tag
Žádné tagy, Buďte první, kdo vytvoří štítek k tomuto záznamu!

MARC

LEADER 00000cam a2200000 a 4500
001 UCC5754
003 CL-VaPUC
008 181026e20130000us |||||||||||||||||eng|d
020 |a 9781439873076 
082 0 4 |a 597.92  |b WYN  |2 21 
100 0 |a Wyneken, Jeanette  |e author  |9 600103 
700 0 |a Lohmann, Kenneth J  |e author  |9 600104 
700 0 |a Musick, John A  |e author  |9 600105 
245 1 4 |a The biology of Sea Turtles 
250 |a 1a. ed 
300 |a v 
942 |c BK 
945 |d 20181026 16:22:00  |a dcastane 
260 |a Boca Ratón  |b CRC Press  |c 2013 
650 0 |a Biología marina  |9 259965 
650 7 |a TORTUGAS DE MAR  |2 CL-VaPUC  |9 532857 
650 0 |a Animales acuáticos   |9 261299 
650 7 |a CRIA DE TORTUGAS  |2 CL-VaPUC  |9 532858 
583 |a last modification  |c 20181026 16:22:00  |k Rodrigo Vera 
490 0 |a Marine Biology 
999 |c 372868  |d 372866 
952 |0 0  |1 0  |3 erd  |4 0  |6 597_920000000000000_WYN_2013  |7 0  |8 R  |9 490739  |a BIBCUR  |b BIBCUR  |h v.3  |i 5510066  |l 2  |o 597.92 WYN 2013  |p 5510066  |r 2025-04-22  |s 2021-06-10  |w 2019-11-24  |y BK_R  |z Catalogado en:20181026  |k CIM 
952 |0 0  |1 0  |3 erd  |4 0  |6 597_920000000000000_WYN_2013  |7 0  |8 CCM  |9 490740  |a BIBCUR  |b BIBCUR  |h v.3  |i 5510058  |o 597.92 WYN 2013  |p 5510058  |r 2025-04-22  |w 2019-11-24  |y BK_R  |z Catalogado en:20181026  |k CIM